le cycle cellulaire - Statistiques

Statistiques générales
  • Ce quiz a été pris 22 fois
  • Le résultat moyen est 4 sur 20
Statistiques - réponses
Hint Réponse % Correct
Tous les êtres vivants sont composés d’une ou plusieurs """""""" cellules
83%
Toute cellule contient l’information héréditaire (génétique) nécessaire à son fonctionnement sous forme """"" ADN
75%
Toute cellule provient d’une cellule pré-existante, par """"""" division
67%
La transformation d’énergie ou métabolisme se passe à """"""""" de la cellule l'intérieur
42%
Certaines caractéristiques du cycle cellulaire sont universelles: au minimum, la cellule doit passer son """"""" """"""""" à la génération suivante information génétique
25%
• Pour produire deux cellules identiques: (ok) ok
25%
ce qu'on décrit au dessus est la phase M environ ""h chez les mammifères 1
17%
Toutes les cellules possèdent la même composition """""""" de base chimique
17%
Le seul moyen de produire une cellule est de """"""""" une cellule qui existe déjà dupliquer
17%
La cellule est l’unité de """"""""" et """""""""" du vivant (réponse1/réponse2) structurelle/fonctionnelle
17%
ce qu'on décrit au dessus est la phase S environ ""-""h chez les mammifères 10-12
8%
La cellule doit dupliquer son contenu et se diviser en deux (déf) cycle cellulaire
8%
Tous les organismes (uni- et pluri- cellulaires) sont le produit de multiples répétitions de croissance et """""""" """""""" division cellulaire
8%
séquence longue et complexe de divisions pour obtenir un organisme eucaryote
8%
Pour les prokaryotes, chaque division produit un """"" """"""""" nouvel organisme
8%
les chromosomes doivent être """"""" dans les cellules filles distribué
0%
et les """""""" """"""" globules rouges
0%
• les cellules produisent aussi des """"""""" et """""""""" (réponse1/réponse2) organelles/macromolécules
0%
l’ADN de chaque chromosome doit être rigoureusement """""""" recopié
0%
2 exceptions au cycle cellulaire le """"""" virus
0%
Aucun quiz correspondant
Distribution des résultats
% des personnes avec chaque résultat
Percentile par nombre de réponses
Votre historique - résultats
Vous n’avez pas pris ce quiz